Vzdelávanie v online priestore - ako v ňom nestratiť smer a motiváciu?

Prístup k vzdelávaniu zamestnancov a techniky motivácie k rozvoju zamestnancov. Vzdelávanie spolupracovníkov v Unicorn Top Gun Academy. Súvislosť medzi vzdelávaním, motiváciou a kariérnym rastom spolupracovníkov. Investície firiem do vzdelávania svojich spolupracovníkov.

Salvato in:
Dettagli Bibliografici
Autore principale: Mattová, Miriam
Natura: Capitolo di libro
Lingua:ceco
Soggetti:
Tags: Aggiungi Tag
Nessun Tag, puoi essere il primo ad aggiungerne!!

MARC

LEADER 00000naa a2200000 4500
001 0273914
005 20250120111719.9
041 0 |a cze 
044 |a CZ 
245 1 0 |a Vzdelávanie v online priestore - ako v ňom nestratiť smer a motiváciu?  |c Miriam Mattová 
520 |a Prístup k vzdelávaniu zamestnancov a techniky motivácie k rozvoju zamestnancov. Vzdelávanie spolupracovníkov v Unicorn Top Gun Academy. Súvislosť medzi vzdelávaním, motiváciou a kariérnym rastom spolupracovníkov. Investície firiem do vzdelávania svojich spolupracovníkov. 
610 2 0 |a vzdelávanie 
610 2 0 |a vzdelávanie elektronické 
610 2 0 |a firmy 
610 2 0 |a zamestnanci 
610 2 0 |a rast podniku 
610 2 0 |a kariéra 
610 2 0 |a banky 
100 1 |a Mattová, Miriam